Improving the Reproductive Health of Sub-Saharan Africa's Youth (Record no. 824)

MARC details
000 -LEADER
fixed length control field 00409nam a22001217a 4500
008 - FIXED-LENGTH DATA ELEMENTS--GENERAL INFORMATION
fixed length control field 230608b xxu||||| |||| 00| 0 eng d
082 ## - DEWEY DECIMAL CLASSIFICATION NUMBER
Classification number 613.096762
Item number 22RIN
110 ## - MAIN ENTRY--CORPORATE NAME
Subordinate unit Population Reference Bureau
245 ## - TITLE STATEMENT
Title Improving the Reproductive Health of Sub-Saharan Africa's Youth
Remainder of title A Route to Achieve the Millennium Development Goals
260 ## - PUBLICATION, DISTRIBUTION, ETC. (IMPRINT)
Name of publisher, distributor, etc. Population Reference Bureau
Date of publication, distribution, etc. 2010
300 ## - PHYSICAL DESCRIPTION
Extent 36p
942 ## - ADDED ENTRY ELEMENTS (KOHA)
Source of classification or shelving scheme Dewey Decimal Classification
Koha item type Books
Holdings
Withdrawn status Lost status Source of classification or shelving scheme Damaged status Not for loan Home library Current library Date acquired Total Checkouts Full call number Barcode Date last seen Price effective from Koha item type
    Dewey Decimal Classification     Bunge Tower Library Bunge Tower Library 06/08/2023   613.096762 22RIN 10015479 06/08/2023 06/08/2023 Books
    Dewey Decimal Classification     Bunge Tower Library Bunge Tower Library 06/08/2023   613.096762 22RIN 100157478 06/08/2023 06/08/2023 Books
LIBRARY OPENING HOURS

When the Parliament is sitting: 8.00a.m - 7.00p.m or until the house adjourns
Mondays and Fridays and when the House is on Recess:  8.00a.m - 5.00p.m
Closed on Weekends and Public Holidays

Online Public Access Catalog (OPAC)
Website: http://www.parliament.go.ke
Bunge Library: https://libraryir.parliament.go.ke
Contact: library@parliament.go.ke | Tel no: (254-2)2221291 or 2848000 Ext 5043